| 000 | 00454cam a2200169 a 4500 | ||
|---|---|---|---|
| 001 | 4798666 | ||
| 005 | 20240328010434.0 | ||
| 008 | 870828s1986 ce b 000 0 eng | ||
| 040 |
_aDLC _cDLC _dDLC |
||
| 082 | 0 | 0 |
_a327. _220 _bCON. |
| 100 | 1 | _aWijesekera, Nandadeva, | |
| 245 | 1 | 0 |
_aContacts and conflicts with Sri Lanka / _c Nandadeva Wijesekera. |
| 250 | _a1st ed. | ||
| 260 |
_aColombo. : _bN. Wijesekera, _c1986. |
||
| 300 | _axv, 106 p. ; | ||
| 942 | _cL | ||
| 999 |
_c621 _d621 |
||